| 000 | 00731nam a22002177a 4500 | ||
|---|---|---|---|
| 005 | 20231226121302.0 | ||
| 010 | _aENG-138622 ENG-138751 | ||
| 020 |
_a9788195022373 _c1595.00 |
||
| 020 |
_a9788195022366 _c450.00 |
||
| 035 | _aEN-122154 EN-122283 | ||
| 037 | _bDBAD/PUB | ||
| 082 |
_a370.15 _21 _b1 |
||
| 100 |
_aBhatt, Dipti Pinakin _960218 |
||
| 245 |
_aAdvanced Educational Psychology/ _cBy Dipti Pinakin Bhatt |
||
| 250 | _aFirst | ||
| 260 |
_aSultan Bazar ,Hyderabad- 500095 _bNeelkamal Publications _c2021 |
||
| 270 |
_a4764/1, 23, Ansari Road Daryaganj, New Delhi- _bDelhi _e110002 _k9811828953 |
||
| 300 |
_axvii+362p. _c25cm(pbk) |
||
| 300 |
_axvii+362p. _c25cm(pbk) |
||
| 942 |
_2ddc _cEN _h370.15 _mBHA |
||
| 999 |
_c199696 _d199696 |
||